000 01034cam a2200205 4500
001 ##L135703
008 061127n 000 0 eng u
035 _a(Sirsi) u135703
041 0 _aeng
050 0 4 _a628.114 $2 22
110 2 _aEngland and Wales
_bEnvironment Agency
_92469
245 0 0 _aUnderground, under threat
_bthe state of groundwater in England and Wales
260 _aBristol
_bEnvironment Agency
_c[2006?]
520 _aDiscusses the current condition of groundwater in England and Wales. Looks at how groundwater works, balancing supply and demand, ground water pollution, how to look after groundwater, and groundwater in the future. Includes a summary of the main issues affecting groundwater. (See also L135538).
590 _aKA
651 4 _aEngland and Wales
_y1543-
690 _aENVIRONMENTAL AND LAND CONSULTANCY-WATER RESOURCE MANAGEMENT
856 4 0 _uhttps://publications.environment-agency.gov.uk/PDF/GEHO0906BLDB-E-E.pdf
_zView the report free of charge at www.environment-agency.gov.uk.
942 _n0
999 _c106165
_d106165